[Event "Ambelokipi op 172nd"]
[Site "Athens"]
[Date "2019.04.10"]
[Round "6"]
[White "Delithanasis, Dimitrios"]
[Black "Milias, Renos"]
[Result "1-0"]
[WhiteElo "1956"]
[BlackElo "1787"]
[PlyCount "129"]
[EventDate "2019.03.06"]
[EventType "swiss"]
[EventRounds "7"]
[EventCountry "GRE"]
[SourceTitle "EXT 2020"]
[Source "ChessBase"]
[SourceDate "2019.10.17"]
[SourceVersion "1"]
[SourceVersionDate "2019.10.17"]
[SourceQuality "1"]

1. Nf3 Nf6 2. c4 g6 3. Nc3 c5 4. e4 d6 5. d4 cxd4 6. Nxd4 Bg7 7. Be2 Nc6 8. Be3 0-0 9. 0-0 Nxd4 10. Bxd4 b6 11. f3 Bb7 12. Qd2 Rc8 13. Rac1 Nd7 14. Be3 Ne5 15. Nb5 Ba6 16. b3 Bxb5 17. cxb5 Qd7 18. h3 Qb7 19. f4 Nd7 20. Bf3 Nc5 21. Rc4 Qd7 22. Rfc1 Ne6 23. a4 Rxc4 24. Rxc4 Rc8 25. f5 Nc5 26. fxg6 hxg6 27. Qc2 Rd8 28. b4 Ne6 29. Rc6 Nd4 30. Bxd4 Bxd4+ 31. Kf1 Qe6 32. Qc4 Qe5 33. Qd5 Qf6 34. Ke2 e5 35. Kd1 Qf4 36. Qb3 d5 37. exd5 e4 38. Be2 Qf2 39. Qc4 Qg1+ 40. Kc2 Qe3 41. d6 Kg7 42. Rc7 Qf2 43. d7 Bf6 44. Qxe4 Qg3 45. Rc8 Rxd7 46. Qe8 Rc7+ 47. Rxc7 Qxc7+ 48. Qc6 Qe5 49. Qc4 Qb2+ 50. Kd3 Qb1+ 51. Ke3 Qg1+ 52. Kf3 Bd4 53. Ke4 Qe3+ 54. Kd5 Qe5+ 55. Kc6 Bf2 56. Kb7 Bg3 57. Bf3 Qb8+ 58. Ka6 Bc7 59. Bb7 Be5 60. Bd5 Qd6 61. Bxf7 Qe7 62. Bd5 Bd6 63. Qe4 Qf8 64. Kxa7 Qb8+ 65. Ka6 1-0

[Event "Ambelokipi op 172nd"]
[Site "Athens"]
[Date "2019.03.27"]
[Round "4"]
[White "Nikoleris, Evangelos"]
[Black "Milias, Renos"]
[Result "1/2-1/2"]
[WhiteElo "1909"]
[BlackElo "1787"]
[PlyCount "74"]
[EventDate "2019.03.06"]
[EventType "swiss"]
[EventRounds "7"]
[EventCountry "GRE"]
[SourceTitle "EXT 2020"]
[Source "ChessBase"]
[SourceDate "2019.10.17"]
[SourceVersion "1"]
[SourceVersionDate "2019.10.17"]
[SourceQuality "1"]

1. e4 e5 2. Nf3 Nc6 3. Bb5 a6 4. Bxc6 dxc6 5. d4 exd4 6. Qxd4 Qxd4 7. Nxd4 Bd7 8. Be3 0-0-0 9. Nd2 Ne7 10. 0-0-0 f6 11. f3 Ng6 12. Rhe1 Bd6 13. g3 h5 14. Nc4 Bb4 15. c3 Bf8 16. Bg1 h4 17. g4 c5 18. Nf5 Bb5 19. Rxd8+ Kxd8 20. Nfe3 Nf4 21. Kc2 g6 22. b3 b6 23. Nd5 Nxd5 24. exd5 Bh6 25. Be3 Re8 26. Kd2 Bf8 27. h3 Kd7 28. Bf4 Rxe1 29. Kxe1 Bxc4 30. bxc4 Bd6 31. Bd2 Bg3+ 32. Ke2 Kd6 33. f4 c6 34. dxc6 Kxc6 35. a4 b5 36. axb5+ axb5 37. Kd3 f5 1/2-1/2